[Event "Muensterland op 27th"]
[Site "Senden"]
[Date "2009.10.11"]
[Round "2"]
[White "Hug, Marcel"]
[Black "Meyer, Ulrich"]
[Result "1-0"]
[WhiteElo "2344"]
[BlackElo "2072"]
[PlyCount "87"]
[EventDate "2009.10.10"]
[EventType "swiss"]
[EventRounds "9"]
[EventCountry "GER"]
[SourceTitle "CBM 132 Extra"]
[Source "ChessBase"]
[SourceDate "2009.11.03"]
[SourceVersion "1"]
[SourceVersionDate "2009.11.03"]
[SourceQuality "1"]

1. e4 c5 2. Nc3 Nc6 3. g3 d6 4. Bg2 e5 5. d3 Bd7 6. f4 Be7 7. Nf3 Nf6 8. 0-0 Qc8 9. Nd5 Bg4 10. c3 0-0 11. fxe5 Nxd5 12. exd6 Nxc3 13. bxc3 Bxd6 14. Qb3 Bxf3 15. Bxf3 Ne5 16. Qd5 Qe6 17. Be2 Qxd5 18. exd5 c4 19. d4 Nd7 20. Bd2 b5 21. a4 Rfe8 22. Bf3 a6 23. Ra2 Nb6 24. axb5 axb5 25. Rxa8 Rxa8 26. Rb1 b4 27. cxb4 Ra3 28. Be4 c3 29. Bf4 Bxf4 30. gxf4 Kf8 31. d6 Nc4 32. d7 Ke7 33. Bc6 c2 34. Rc1 Rc3 35. b5 Kd8 36. Kf2 Nb6 37. Be4 Kxd7 38. Rxc2 Rxc2+ 39. Bxc2 h6 40. Bb3 f6 41. Ke3 Nc8 42. Bd5 Ne7 43. Bf3 Nc8 44. Bg4+ 1-0

[Event "Goch op 20th"]
[Site "Goch"]
[Date "2009.10.04"]
[Round "7"]
[White "Notkevich, Benjamin Arvola"]
[Black "Hug, Marcel"]
[Result "1-0"]
[WhiteElo "2203"]
[BlackElo "2326"]
[PlyCount "91"]
[EventDate "2009.10.01"]
[EventType "swiss"]
[EventRounds "7"]
[EventCountry "GER"]
[SourceTitle "EXT 2011"]
[Source "ChessBase"]
[SourceDate "2010.11.26"]
[SourceVersion "1"]
[SourceVersionDate "2010.11.26"]
[SourceQuality "1"]

1. e4 e5 2. Nf3 d6 3. d4 exd4 4. Nxd4 Nf6 5. Nc3 Be7 6. Bd3 0-0 7. Qf3 Nbd7 8. Nf5 Ne5 9. Nxe7+ Qxe7 10. Qg3 c6 11. 0-0 Ng6 12. f4 Kh8 13. Bd2 Bd7 14. Rae1 Rae8 15. Kh1 Bc8 16. a4 Qc7 17. Nd1 d5 18. e5 Ne4 19. Bxe4 dxe4 20. Bc3 f5 21. exf6 gxf6 22. Qe3 b6 23. f5 Ne5 24. Qxe4 Ba6 25. Rg1 Qg7 26. Nf2 c5 27. Qf4 Bb7 28. h3 Rg8 29. Ne4 Nd7 30. Kh2 Re7 31. Re2 Rge8 32. Rge1 Ne5 33. Nxf6 Nf3+ 34. Kh1 Rxe2 35. Nxe8 Rxe1+ 36. Bxe1 Qe7 37. Bc3+ Nd4 38. Bxd4+ cxd4 39. Qxd4+ Kg8 40. Nd6 Ba8 41. f6 Qe1+ 42. Kh2 Kf8 43. f7 Qf1 44. Qh8+ Ke7 45. Qe8+ Kxd6 46. f8Q+ 1-0

[Event "Nuremberg LGA Cup 6th"]
[Site "Nuremberg"]
[Date "2009.09.06"]
[Round "6"]
[White "Hug, Marcel"]
[Black "Martin Fernandez, Rodrigo"]
[Result "1/2-1/2"]
[WhiteElo "2344"]
[BlackElo "2141"]
[PlyCount "107"]
[EventDate "2009.09.03"]
[EventType "swiss"]
[EventRounds "7"]
[EventCountry "GER"]
[SourceTitle "CBM 132 Extra"]
[Source "ChessBase"]
[SourceDate "2009.11.03"]
[SourceVersion "1"]
[SourceVersionDate "2009.11.03"]
[SourceQuality "1"]

1. e4 c5 2. c4 e6 3. Nc3 Nc6 4. g3 g6 5. Bg2 Bg7 6. Nge2 Nge7 7. d3 0-0 8. 0-0 a6 9. Rb1 Rb8 10. a4 d6 11. Be3 Qc7 12. f4 Bd7 13. d4 cxd4 14. Nxd4 Nxd4 15. Bxd4 Bxd4+ 16. Qxd4 Rfd8 17. Qf6 Qc5+ 18. Kh1 Nc6 19. Rbd1 Be8 20. f5 Qe5 21. Qh4 Qg7 22. fxe6 fxe6 23. Bh3 Bf7 24. Rxf7 Qxf7 25. Rf1 g5 26. Qxg5+ Qg6 27. Bxe6+ Kh8 28. Qxg6 hxg6 29. Nd5 Rf8 30. Nf4 Ne5 31. h4 b5 32. cxb5 axb5 33. a5 b4 34. Bd5 Rfc8 35. a6 Rc7 36. Rd1 Rb5 37. Bb7 Ra5 38. Rd2 b3 39. Kg2 Rc2 40. Rf2 Rxf2+ 41. Kxf2 Kg7 42. Ne6+ Kf6 43. Nd4 Ra2 44. Kf1 Nc4 45. Nxb3 Nxb2 46. Nd4 Nd3 47. Nb5 Nc5 48. Nxd6 Nxa6 49. Nc4 Nc5 50. Bd5 Nd3 51. Kg1 Rc2 52. Ne3 Rb2 53. g4 Ne5 54. h5 1/2-1/2

[Event "Paleochora op 2nd"]
[Site "Paleochora"]
[Date "2009.07.25"]
[Round "6"]
[White "Tukhaev, Adam"]
[Black "Hug, Marcel"]
[Result "1-0"]
[WhiteElo "2534"]
[BlackElo "2344"]
[PlyCount "59"]
[EventDate "2009.07.21"]
[EventType "swiss"]
[EventRounds "9"]
[EventCountry "GRE"]
[SourceTitle "CBM 131 Extra"]
[Source "ChessBase"]
[SourceDate "2009.09.03"]
[SourceVersion "2"]
[SourceVersionDate "2009.09.16"]
[SourceQuality "1"]

1. e4 e5 2. Nf3 d6 3. d4 exd4 4. Nxd4 Nf6 5. Nc3 Be7 6. g3 0-0 7. Bg2 a5 8. 0-0 c6 9. h3 Re8 10. g4 Na6 11. g5 Nd7 12. f4 Nb6 13. b3 d5 14. e5 c5 15. Nde2 d4 16. Ne4 Nb4 17. a3 Nxc2 18. Qxc2 d3 19. Qd1 dxe2 20. Qxe2 Qc7 21. Bb2 Be6 22. Rac1 Bxb3 23. Rc3 Bd5 24. Rg3 Kh8 25. Qh5 Qc6 26. Nf6 Bxf6 27. gxf6 gxf6 28. Qh6 Rg8 29. e6 Rxg3 30. Qxf6+ 1-0

[Event "Dortmund op"]
[Site "Dortmund"]
[Date "2009.07.12"]
[Round "9"]
[White "Hug, Marcel"]
[Black "Izrailev, Alexander"]
[Result "1/2-1/2"]
[WhiteElo "2344"]
[BlackElo "2330"]
[PlyCount "75"]
[EventDate "2009.07.04"]
[EventType "swiss"]
[EventRounds "9"]
[EventCountry "GER"]
[SourceTitle "CBM 131 Extra"]
[Source "ChessBase"]
[SourceDate "2009.09.03"]
[SourceVersion "2"]
[SourceVersionDate "2009.09.16"]
[SourceQuality "1"]

1. e4 e5 2. Nf3 d6 3. d4 exd4 4. Nxd4 Nf6 5. Nc3 Be7 6. Be2 0-0 7. 0-0 Re8 8. f4 Bf8 9. Bf3 Nbd7 10. Re1 c6 11. Be3 Qc7 12. a4 a5 13. Qd2 Nc5 14. Bf2 Bg4 15. Bxg4 Nxg4 16. Bh4 Qb6 17. h3 Nh6 18. Bf2 Qb4 19. b3 d5 20. exd5 cxd5 21. Rxe8 Rxe8 22. Rd1 Ne4 23. Nxe4 dxe4 24. Qxb4 Bxb4 25. Be3 Rd8 26. g4 f5 27. g5 Nf7 28. Kf2 g6 29. Ke2 Rc8 30. c4 Kf8 31. Nc2 Bd6 32. Rd5 Ra8 33. Rb5 Nd8 34. Nd4 Ke7 35. Bd2 Bc7 36. Ke3 Ra6 37. Ke2 Rd6 38. Be3 1/2-1/2

[Event "Dortmund op"]
[Site "Dortmund"]
[Date "2009.07.11"]
[Round "8"]
[White "Hug, Marcel"]
[Black "Wiebe, Patrick Martin"]
[Result "1-0"]
[WhiteElo "2344"]
[BlackElo "2230"]
[PlyCount "131"]
[EventDate "2009.07.04"]
[EventType "swiss"]
[EventRounds "9"]
[EventCountry "GER"]
[SourceTitle "CBM 131 Extra"]
[Source "ChessBase"]
[SourceDate "2009.09.03"]
[SourceVersion "2"]
[SourceVersionDate "2009.09.16"]
[SourceQuality "1"]

1. e4 e6 2. d4 d5 3. Nd2 Nf6 4. e5 Nfd7 5. Bd3 c5 6. c3 Nc6 7. Ne2 cxd4 8. cxd4 f6 9. Nf4 Nxd4 10. Qh5+ Ke7 11. Ng6+ hxg6 12. exf6+ Nxf6 13. Qxh8 Kf7 14. 0-0 e5 15. Nb3 Nxb3 16. axb3 Bf5 17. Bxf5 gxf5 18. Bg5 Qb6 19. Bxf6 Kxf6 20. Rac1 Rd8 21. Qh4+ Kf7 22. Qh7 Qe6 23. Rc7+ Rd7 24. Rfc1 d4 25. Qh5+ Kg8 26. Rxd7 Qxd7 27. g4 f4 28. Qf5 Qxf5 29. gxf5 Bd6 30. f3 Kf7 31. Kf2 Kf6 32. Ke2 Kxf5 33. Kd3 g5 34. h3 a5 35. Rc8 b6 36. Rc6 Bc5 37. Rc7 Bd6 38. Rf7+ Ke6 39. Rb7 Bc5 40. Ke4 Kf6 41. Rb8 Ke7 42. Rg8 Kf6 43. Rc8 Ke6 44. Rc6+ Kf7 45. Kxe5 d3 46. Rc7+ Kg6 47. Rd7 Kh5 48. Rxd3 Kh4 49. Kf5 Be3 50. Rd6 Kxh3 51. Ke4 Bc5 52. Rg6 Kh4 53. Rh6+ Kg3 54. Rh5 Be7 55. Rh1 Bc5 56. Rh6 Be3 57. Rh5 Kf2 58. Rxg5 Ke2 59. Rg2+ Kd1 60. Kd3 Kc1 61. Kc3 Bc5 62. Rh2 Kb1 63. Rh1+ Ka2 64. Kc2 Be3 65. Rh4 b5 66. Rh5 1-0

[Event "Dortmund op"]
[Site "Dortmund"]
[Date "2009.07.10"]
[Round "7"]
[White "Van der Weide, Karel"]
[Black "Hug, Marcel"]
[Result "1-0"]
[WhiteElo "2481"]
[BlackElo "2344"]
[PlyCount "77"]
[EventDate "2009.07.04"]
[EventType "swiss"]
[EventRounds "9"]
[EventCountry "GER"]
[SourceTitle "CBM 131 Extra"]
[Source "ChessBase"]
[SourceDate "2009.09.03"]
[SourceVersion "2"]
[SourceVersionDate "2009.09.16"]
[SourceQuality "1"]

1. e4 e5 2. Nf3 d6 3. d4 exd4 4. Nxd4 Nf6 5. Nc3 Be7 6. g3 d5 7. e5 Ne4 8. Nxe4 dxe4 9. Bg2 Qd5 10. 0-0 Nc6 11. Nxc6 Qxc6 12. Qe2 Bf5 13. Re1 0-0-0 14. g4 Bg6 15. Bf4 Qe6 16. Bg3 Bc5 17. c3 f6 18. b4 Bb6 19. a4 a6 20. a5 Ba7 21. Bxe4 fxe5 22. Bxg6 Qxg6 23. Qxe5 Rd7 24. Rad1 Rhd8 25. Rxd7 Rxd7 26. h3 Qf7 27. Kg2 g6 28. Re4 Rd3 29. Rf4 Qd5+ 30. Qxd5 Rxd5 31. c4 Rd7 32. c5 Rg7 33. Rf8+ Kd7 34. Ra8 Kc6 35. Rxa7 Rg8 36. Kf3 Re8 37. Kf4 Rf8+ 38. Ke4 Re8+ 39. Be5 1-0

[Event "Dortmund op"]
[Site "Dortmund"]
[Date "2009.07.09"]
[Round "6"]
[White "Hug, Marcel"]
[Black "Coenen, Michael"]
[Result "1/2-1/2"]
[WhiteElo "2344"]
[BlackElo "2256"]
[PlyCount "119"]
[EventDate "2009.07.04"]
[EventType "swiss"]
[EventRounds "9"]
[EventCountry "GER"]
[SourceTitle "CBM 131 Extra"]
[Source "ChessBase"]
[SourceDate "2009.09.03"]
[SourceVersion "2"]
[SourceVersionDate "2009.09.16"]
[SourceQuality "1"]

1. e4 c5 2. Nc3 Nc6 3. g3 g6 4. Bg2 Bg7 5. d3 d6 6. f4 Nd4 7. Be3 h5 8. h3 e5 9. Qd2 h4 10. g4 exf4 11. Bxf4 Ne7 12. Nf3 Be6 13. 0-0 Qd7 14. Ng5 f5 15. gxf5 gxf5 16. Nd5 fxe4 17. dxe4 0-0-0 18. c3 Ndc6 19. Rad1 Ng6 20. Be3 Rhf8 21. b4 Nge5 22. Qe2 cxb4 23. cxb4 Kb8 24. b5 Na5 25. Rc1 Rxf1+ 26. Qxf1 Rc8 27. b6 Bxd5 28. bxa7+ Ka8 29. exd5 Nec4 30. Bf4 Bd4+ 31. Kh2 Qa4 32. Ne6 Bb2 33. Re1 Be5 34. Bxe5 Nxe5 35. Nc7+ Rxc7 36. Qf8+ Kxa7 37. Qxd6 Qf4+ 38. Kh1 Nd3 39. Qxf4 Nxf4 40. d6 Rd7 41. Re5 Nc6 42. Bxc6 bxc6 43. Re7 Rb7 44. d7 Ne6 45. Rxe6 Rxd7 46. Rxc6 Rd3 47. Kg2 Rg3+ 48. Kh2 Ra3 49. Rc4 Rxa2+ 50. Kg1 Kb6 51. Rxh4 Kc6 52. Rd4 Kc5 53. Rd7 Kc6 54. Rd3 Kc5 55. h4 Ra4 56. Rh3 Kd5 57. h5 Ke6 58. h6 Ra1+ 59. Kg2 Ra2+ 60. Kf1 1/2-1/2

[Event "Dortmund op"]
[Site "Dortmund"]
[Date "2009.07.08"]
[Round "5"]
[White "Gutman, Lev"]
[Black "Hug, Marcel"]
[Result "1/2-1/2"]
[WhiteElo "2459"]
[BlackElo "2344"]
[PlyCount "96"]
[EventDate "2009.07.04"]
[EventType "swiss"]
[EventRounds "9"]
[EventCountry "GER"]
[SourceTitle "CBM 131 Extra"]
[Source "ChessBase"]
[SourceDate "2009.09.03"]
[SourceVersion "2"]
[SourceVersionDate "2009.09.16"]
[SourceQuality "1"]

1. Nf3 Nf6 2. g3 g6 3. Bg2 Bg7 4. 0-0 0-0 5. d4 d6 6. Re1 Nbd7 7. c4 c6 8. h3 e5 9. e4 exd4 10. Nxd4 Re8 11. Nc3 Qa5 12. Nb3 Qc7 13. Bf1 b6 14. Nd4 a6 15. Bg2 Bb7 16. Bf4 Ne5 17. b3 Nfd7 18. Be3 Nc5 19. Re2 Ne6 20. Nxe6 fxe6 21. Rc1 c5 22. Rd2 Nc6 23. Ne2 e5 24. Nc3 Nd4 25. Nd5 Bxd5 26. cxd5 Qf7 27. Rd3 b5 28. h4 h5 29. Bh3 Kh7 30. Bxd4 exd4 31. Rf3 Qe7 32. Be6 Rf8 33. Rxf8 Rxf8 34. Qd3 Bh6 35. Rc2 Qf6 36. e5 Qxe5 37. Re2 Be3 38. Kg2 c4 39. bxc4 bxc4 40. Qb1 Rxf2+ 41. Rxf2 Bxf2 42. Kxf2 Qe3+ 43. Kg2 Qe2+ 44. Kh3 Qf3 45. Kh2 Qf2+ 46. Kh3 d3 47. Qb7+ Kh6 48. Qe7 Qf1+ 1/2-1/2

[Event "Dortmund op"]
[Site "Dortmund"]
[Date "2009.07.05"]
[Round "2"]
[White "Hug, Marcel"]
[Black "Kelbling, Philipp"]
[Result "1-0"]
[WhiteElo "2344"]
[BlackElo "2080"]
[PlyCount "69"]
[EventDate "2009.07.04"]
[EventType "swiss"]
[EventRounds "9"]
[EventCountry "GER"]
[SourceTitle "CBM 131 Extra"]
[Source "ChessBase"]
[SourceDate "2009.09.03"]
[SourceVersion "2"]
[SourceVersionDate "2009.09.16"]
[SourceQuality "1"]

1. e4 c5 2. c4 Nc6 3. Nc3 g6 4. d3 Bg7 5. g3 d6 6. Bg2 e6 7. Nge2 Nge7 8. 0-0 0-0 9. Be3 a6 10. d4 cxd4 11. Nxd4 Qc7 12. Rc1 Bd7 13. b3 Rad8 14. Nde2 Ne5 15. h3 Bc6 16. f4 Nd7 17. Nd4 Nf6 18. Qd2 Qb8 19. f5 exf5 20. exf5 d5 21. fxg6 dxc4 22. gxf7+ Kh8 23. Qf2 Bxg2 24. Kxg2 Qe5 25. Nf3 Qe6 26. Bc5 Rd7 27. Rce1 Qc6 28. Bxe7 Rxf7 29. Bxf6 Rxf6 30. Re8+ Bf8 31. Ne4 Rf5 32. bxc4 Rdf7 33. Qd4+ Kg8 34. Rd8 b5 35. Ne5 1-0

[Event "Rhein Main op 12th"]
[Site "Bad Homburg"]
[Date "2009.06.11"]
[Round "3"]
[White "Hug, Marcel"]
[Black "Lebermann, Hellmuth"]
[Result "1-0"]
[WhiteElo "2300"]
[BlackElo "2008"]
[PlyCount "47"]
[EventDate "2009.06.10"]
[EventType "swiss"]
[EventRounds "7"]
[EventCountry "GER"]
[SourceTitle "CBM 131 Extra"]
[Source "ChessBase"]
[SourceDate "2009.09.03"]
[SourceVersion "2"]
[SourceVersionDate "2009.09.16"]
[SourceQuality "1"]

1. e4 e5 2. Nf3 d5 3. Nxe5 Bd6 4. d4 dxe4 5. Be2 Bxe5 6. dxe5 Qxd1+ 7. Bxd1 Nc6 8. Nc3 Bf5 9. 0-0 0-0-0 10. Bg5 Re8 11. f4 exf3 12. Bxf3 Nxe5 13. Bxb7+ Kxb7 14. Rxf5 f6 15. Be3 Ne7 16. Rf4 N7c6 17. Bf2 Ng6 18. Ra4 Re5 19. Rd1 Rhe8 20. Rc4 Rd8 21. Rxd8 Nxd8 22. Bg3 Re7 23. Nd5 Ne5 24. Rb4+ 1-0

[Event "Liechtenstein op 27th"]
[Site "Triesen"]
[Date "2009.05.16"]
[Round "2"]
[White "Hug, Marcel"]
[Black "Mertens, Klaus"]
[Result "1-0"]
[WhiteElo "2300"]
[BlackElo "2075"]
[PlyCount "67"]
[EventDate "2009.05.15"]
[EventType "swiss"]
[EventRounds "9"]
[EventCountry "LIE"]
[SourceTitle "CBM 130 Extra"]
[Source "ChessBase"]
[SourceDate "2009.07.02"]
[SourceVersion "2"]
[SourceVersionDate "2009.07.15"]
[SourceQuality "1"]

1. e4 c5 2. Nc3 e6 3. g3 Nc6 4. Bg2 g6 5. d3 Bg7 6. f4 d6 7. Nf3 Nge7 8. 0-0 0-0 9. Be3 Rb8 10. d4 cxd4 11. Nxd4 a6 12. Qd2 Qc7 13. Rad1 Rd8 14. h3 b5 15. Nce2 Bb7 16. f5 Nxd4 17. Nxd4 e5 18. Nxb5 axb5 19. f6 Bh8 20. fxe7 Qxe7 21. Rf2 Rd7 22. Qb4 Ra8 23. a3 Bc6 24. b3 Bg7 25. Kh2 Qd8 26. h4 Bf8 27. Qc3 Ra6 28. Bh3 Rc7 29. Qxe5 Rxa3 30. Bc5 Ra8 31. Bxd6 Bxd6 32. Rxd6 Qe8 33. Qf6 Bxe4 34. Re6 1-0

[Event "Reykjavik op"]
[Site "Reykjavik"]
[Date "2009.04.01"]
[Round "9"]
[White "Bjornsson, Tomas"]
[Black "Hug, Marcel"]
[Result "0-1"]
[WhiteElo "2173"]
[BlackElo "2257"]
[PlyCount "165"]
[EventDate "2009.03.24"]
[EventType "swiss"]
[EventRounds "9"]
[EventCountry "ISL"]
[SourceTitle "CBM 129 Extra"]
[Source "ChessBase"]
[SourceDate "2009.05.05"]
[SourceVersion "2"]
[SourceVersionDate "2009.05.20"]
[SourceQuality "1"]

1. e4 e5 2. Nf3 d6 3. d4 exd4 4. Nxd4 Nf6 5. Nc3 Be7 6. Be2 0-0 7. 0-0 Re8 8. f4 c5 9. Nf3 Nc6 10. h3 Bf8 11. Bd3 a6 12. a4 Nb4 13. f5 h6 14. b3 d5 15. e5 c4 16. Be2 Bc5+ 17. Kh2 Ne4 18. Bb2 Bxf5 19. bxc4 Nxc3 20. Bxc3 Nxc2 21. cxd5 Ne3 22. Qb3 Qxd5 23. Qxd5 Nxd5 24. Bb2 Ne3 25. Rfc1 Rac8 26. Rc3 Nd5 27. Rb3 Nf4 28. Bf1 Be4 29. Rc1 Be7 30. a5 Ne6 31. Rbc3 Rxc3 32. Rxc3 Rd8 33. Re3 Bc6 34. Bc3 Bc5 35. Re1 g5 36. Bc4 Bd5 37. Bxd5 Rxd5 38. Rb1 Rd7 39. Nd2 Kg7 40. Ne4 Be7 41. Rb6 Kf8 42. Bb4 Bxb4 43. Rxb4 Nd8 44. Nd6 Re7 45. Rc4 Rxe5 46. Rc8 Ke7 47. Rxd8 Rd5 48. Rb8 Kxd6 49. Rxb7 Ke6 50. g4 Rxa5 51. Rb6+ Ke5 52. Rxh6 Ra2+ 53. Kg3 Ra3+ 54. Kg2 f6 55. Rh8 Kf4 56. Kf2 Ra2+ 57. Kg1 Kg3 58. Kf1 Rh2 59. Rh6 Rxh3 60. Rxf6 Rh1+ 61. Ke2 Ra1 62. Rc6 Ra2+ 63. Kf1 Kxg4 64. Rc4+ Kh3 65. Rc3+ Kh4 66. Kg1 g4 67. Rd3 a5 68. Rc3 a4 69. Kh1 g3 70. Rc8 g2+ 71. Kg1 Kg4 72. Rf8 Kg3 73. Rg8+ Kf3 74. Rg3+ Ke4 75. Rh3 Kd4 76. Rg3 Ke4 77. Rh3 Kd4 78. Rg3 Kc4 79. Rg4+ Kb3 80. Rg3+ Kb2 81. Rxg2+ Kb1 82. Rg4 a3 83. Rb4+ 0-1

[Event "Lienz op 15th"]
[Site "Lienz"]
[Date "2009.02.09"]
[Round "4"]
[White "Binder, Michael"]
[Black "Hug, Marcel"]
[Result "1/2-1/2"]
[WhiteElo "2170"]
[BlackElo "2257"]
[PlyCount "82"]
[EventDate "2009.02.07"]
[EventType "swiss"]
[EventRounds "9"]
[EventCountry "AUT"]
[SourceTitle "CBM 128 Extra"]
[Source "ChessBase"]
[SourceDate "2009.03.05"]
[SourceVersion "2"]
[SourceVersionDate "2009.03.25"]
[SourceQuality "1"]

1. Nf3 d6 2. d4 g6 3. g3 Bg7 4. Bg2 Nf6 5. c4 0-0 6. 0-0 c6 7. Nc3 Bf5 8. b3 Ne4 9. Nxe4 Bxe4 10. Bb2 Nd7 11. Qd2 d5 12. Rac1 a5 13. Rfd1 e6 14. Ba3 Re8 15. Bd6 a4 16. h4 axb3 17. axb3 h5 18. Qf4 Qf6 19. Qd2 Qf5 20. Kh2 Nf6 21. Ra1 Ng4+ 22. Kg1 Bc2 23. Rxa8 Rxa8 24. Rc1 Ra2 25. e4 dxe4 26. Rxc2 Rxc2 27. Qxc2 exf3 28. Qxf5 gxf5 29. Bxf3 Bxd4 30. Kg2 Kh7 31. Be2 Kg6 32. f3 Ne3+ 33. Kh3 e5 34. Bb4 Nc2 35. Bd2 e4 36. Bd1 Ne3 37. Bxe3 Bxe3 38. f4 Bf2 39. Kg2 Be1 40. Be2 c5 41. Bd1 f6 1/2-1/2

[Event "Prague op-A 08th"]
[Site "Prague"]
[Date "2009.01.13"]
[Round "6"]
[White "Hug, Marcel"]
[Black "Dolezal, Radoslav"]
[Result "1/2-1/2"]
[WhiteElo "2257"]
[BlackElo "2436"]
[PlyCount "49"]
[EventDate "2009.01.09"]
[EventType "swiss"]
[EventRounds "9"]
[EventCountry "CZE"]
[SourceTitle "CBM 128 Extra"]
[Source "ChessBase"]
[SourceDate "2009.03.05"]
[SourceVersion "2"]
[SourceVersionDate "2009.03.25"]
[SourceQuality "1"]

1. e4 d5 2. exd5 Qxd5 3. Nf3 Nf6 4. d4 c6 5. Be2 Qa5+ 6. c3 Nbd7 7. 0-0 e6 8. c4 Be7 9. Nc3 0-0 10. Re1 Rd8 11. Bd3 Nf8 12. Qc2 Qc7 13. Bd2 b6 14. Ne4 Bb7 15. c5 Nd5 16. a3 f6 17. g3 Bc8 18. b4 Bd7 19. Nc3 Nxc3 20. Qxc3 Be8 21. Bf1 Qd7 22. Bg2 Rac8 23. Qe3 Bf7 24. Bc3 Re8 25. Bh3 1/2-1/2

[Event "Prague op-A 08th"]
[Site "Prague"]
[Date "2009.01.13"]
[Round "5"]
[White "Rasik, Vitezslav"]
[Black "Hug, Marcel"]
[Result "1/2-1/2"]
[WhiteElo "2445"]
[BlackElo "2257"]
[PlyCount "48"]
[EventDate "2009.01.09"]
[EventType "swiss"]
[EventRounds "9"]
[EventCountry "CZE"]
[SourceTitle "CBM 128 Extra"]
[Source "ChessBase"]
[SourceDate "2009.03.05"]
[SourceVersion "2"]
[SourceVersionDate "2009.03.25"]
[SourceQuality "1"]

1. e4 e5 2. Nf3 d6 3. d4 exd4 4. Qxd4 a6 5. Bg5 Nc6 6. Qd2 Be7 7. Nc3 Ne5 8. Bf4 Nxf3+ 9. gxf3 Nf6 10. Rg1 g6 11. Bh6 Be6 12. f4 Rg8 13. Bg5 Rh8 14. 0-0-0 h6 15. Bxf6 Bxf6 16. Nd5 Bxd5 17. Qxd5 Kf8 18. f5 g5 19. h4 Be5 20. Kb1 c6 21. Qd2 Rg8 22. hxg5 hxg5 23. Bc4 Qf6 24. Bb3 b5 1/2-1/2

[Event "Prague op-A 08th"]
[Site "Prague"]
[Date "2009.01.09"]
[Round "1"]
[White "Jeitz, Olivier"]
[Black "Hug, Marcel"]
[Result "0-1"]
[WhiteElo "1990"]
[BlackElo "2257"]
[PlyCount "72"]
[EventDate "2009.01.09"]
[EventType "swiss"]
[EventRounds "9"]
[EventCountry "CZE"]
[SourceTitle "CBM 128 Extra"]
[Source "ChessBase"]
[SourceDate "2009.03.05"]
[SourceVersion "2"]
[SourceVersionDate "2009.03.25"]
[SourceQuality "1"]

1. c4 d6 2. Nc3 g6 3. g3 Bg7 4. Bg2 Nf6 5. Nf3 0-0 6. d4 c6 7. 0-0 Bf5 8. Re1 Ne4 9. Qb3 Nxc3 10. bxc3 Qc7 11. e4 Bg4 12. Be3 Bxf3 13. Bxf3 Nd7 14. a4 Rab8 15. Bg2 e6 16. Rab1 c5 17. d5 a6 18. Re2 Rfe8 19. Bf4 exd5 20. cxd5 b5 21. axb5 Rxb5 22. Qc2 Rxb1+ 23. Qxb1 Bxc3 24. Qd3 Be5 25. Bxe5 Nxe5 26. Qxa6 Rb8 27. h3 c4 28. Qa2 Qc5 29. Rc2 c3 30. Kh2 Nd3 31. Bf1 Nb4 32. Qb3 Nxc2 33. Qxb8+ Kg7 34. Kg1 Nb4 35. Qa8 c2 36. Qa1+ f6 0-1

[Event "Basel Hilton op 11th"]
[Site "Basel"]
[Date "2009.01.04"]
[Round "6"]
[White "Berberich, Christoph"]
[Black "Hug, Marcel"]
[Result "0-1"]
[WhiteElo "2083"]
[BlackElo "2257"]
[PlyCount "42"]
[EventDate "2009.01.01"]
[EventType "swiss"]
[EventRounds "7"]
[EventCountry "SUI"]
[SourceTitle "CBM 128 Extra"]
[Source "ChessBase"]
[SourceDate "2009.03.05"]
[SourceVersion "2"]
[SourceVersionDate "2009.03.25"]
[SourceQuality "1"]

1. d4 d6 2. Nf3 g6 3. c4 Nf6 4. Nc3 Bg7 5. e4 0-0 6. Be2 Nbd7 7. 0-0 e5 8. Be3 exd4 9. Nxd4 Nc5 10. f3 a5 11. Ndb5 Qe7 12. Qd2 Re8 13. Rac1 Be6 14. Rfd1 Rac8 15. Nd5 Bxd5 16. cxd5 Nfd7 17. b3 f5 18. Bxc5 Nxc5 19. Rxc5 dxc5 20. d6 cxd6 21. Nxd6 Bd4+ 0-1